000 00593nam a2200217 i 4500
001 71919
003 ES-MaACL
005 20230906171255.0
007 t|
008 040820s1957 sp ||||1| spa d
100 1 _aGil, Antonio.
_956717
245 1 0 _aTú no lo entiendes /
_cAntonio Gil ; prólogo de John Lodwick.
250 _a[1ª ed.].
260 _aBarcelona :
_bJosé Janés,
_c1957 (
_fMiguza)
300 _a277 p. ;
_c17 cm.
490 1 _aDoy fe
700 1 _aLodwick, John.
_973081
830 0 _aDoy fe
_9181823
852 _aES-MaACL
_jC-13773
_bR.41498
999 _c71919
_d71919